[Event "44th Pan-American U20"]
[Site "Cochabamba BOL"]
[Date "2019.08.01"]
[Round "1.1"]
[White "Caballero Quijano, Mitzy Mishell"]
[Black "Cardoso Cardoso, Jose Gabriel"]
[Result "0-1"]
[WhiteElo "2059"]
[BlackElo "2373"]
[EventDate "2019.08.01"]
[PlyCount "80"]

1.d4 Nf6 2.Nf3 d5 3.c4 e6 4.g3 dxc4 5.Qa4+ Nbd7 6.Bg2 a6 7.Qxc4 b5 8.Qc2 
Bb7 9.Bd2 c5 10.dxc5 Bxc5 11.Nc3 Rc8 12.a3 O-O 13.O-O a5 14.Qd1 b4 15.Na4 
Be7 16.Be3 Nd5 17.Bd4 Qc7 18.e4 N5f6 19.Nd2 Rfd8 20.Re1 Qc2 21.b3 bxa3 22.
Nc4 Qxd1 23.Rexd1 Bxe4 24.Bxe4 Nxe4 25.Nxa5 Ndf6 26.Nc4 Nd5 27.f3 Nef6 28.
Be5 Nd7 29.Bd6 Bxd6 30.Nxd6 Rb8 31.Rxa3 Ne5 32.Nc4 Nxf3+ 33.Kg2 Ng5 34.h4 
Ne4 35.Kf3 Nef6 36.Nc5 Rdc8 37.Na6 Ra8 38.Rda1 h5 39.Ra5 Ng4 40.R1a3 Rxc4 
0-1

[Event "44th Pan-American U20"]
[Site "Cochabamba BOL"]
[Date "2019.08.01"]
[Round "1.2"]
[White "Vivas Zamora, Fabian Ernesto"]
[Black "Davila Blanco, Juan Jose"]
[Result "1/2-1/2"]
[WhiteElo "2348"]
[BlackElo "2052"]
[EventDate "2019.08.01"]
[PlyCount "95"]

1.e4 e6 2.d4 d5 3.Bd3 c5 4.exd5 exd5 5.Nf3 Bg4 6.O-O c4 7.Re1+ Be7 8.Be2 
Nf6 9.b3 cxb3 10.axb3 O-O 11.Ne5 Bxe2 12.Qxe2 Bd6 13.Bg5 Nc6 14.Nxc6 bxc6 
15.Nc3 Bb4 16.Qf3 Qd6 17.Bxf6 Qxf6 18.Qxf6 gxf6 19.Re3 Rfe8 20.Nd1 Kf8 21.
Kf1 a5 22.Ke2 Re6 23.Kd3 Bd6 24.Rh3 Kg7 25.Ne3 Kg6 26.g4 Re4 27.Nf5 Bf4 
28.Nh4+ Kg7 29.Ng2 Rxd4+ 30.Kxd4 Be5+ 31.Kc5 Bxa1 32.Ne3 a4 33.bxa4 Rxa4 
34.Kxc6 d4 35.Nf5+ Kh8 36.Rb3 h5 37.gxh5 Rc4+ 38.Kd7 Rxc2 39.Rb8+ Kh7 40.
Rf8 d3 41.Rxf7+ Kh8 42.Rf8+ Kh7 43.Rd8 Rxf2 44.Ke6 Rxh2 45.Rd7+ Kh8 46.h6 
Re2+ 47.Kf7 Kh7 48.Ng3 1/2-1/2

[Event "44th Pan-American U20"]
[Site "Cochabamba BOL"]
[Date "2019.08.01"]
[Round "1.3"]
[White "Guerrero Cataldo, Juan Andres"]
[Black "Wang, Annie"]
[Result "0-1"]
[WhiteElo "2035"]
[BlackElo "2321"]
[EventDate "2019.08.01"]
[PlyCount "70"]

1.d4 e6 2.Nf3 Nf6 3.g3 d5 4.Bg2 Be7 5.O-O O-O 6.b3 b6 7.Bb2 Bb7 8.Nbd2 c5 
9.e3 Nc6 10.c4 Rc8 11.Rc1 Ba6 12.Ne5 cxd4 13.exd4 Bb7 14.Re1 Ba8 15.cxd5 
Nxd5 16.Ndc4 b5 17.Nxc6 Rxc6 18.Ne3 Ra6 19.Nxd5 Bxd5 20.Bxd5 Qxd5 21.Re5 
Qd7 22.Ra1 Bf6 23.Rc5 Rd6 24.Rac1 Bxd4 25.Bxd4 Rxd4 26.Qf3 a6 27.Rc7 Qd6 
28.R1c6 Qd8 29.Kg2 Rd3 30.Qe4 Rd2 31.a4 Rd4 32.Qc2 Qd5+ 33.Kh3 g5 34.Rc3 
g4+ 35.Kh4 Qg2 0-1

[Event "44th Pan-American U20"]
[Site "Cochabamba BOL"]
[Date "2019.08.01"]
[Round "1.4"]
[White "Coro, Lucas"]
[Black "Mollo, Jhoan"]
[Result "1-0"]
[WhiteElo "2320"]
[BlackElo "2023"]
[EventDate "2019.08.01"]
[PlyCount "83"]

1.e4 c6 2.d4 d5 3.e5 Bf5 4.Nf3 e6 5.Be2 Nd7 6.O-O Ne7 7.Nh4 Bg6 8.Nd2 c5 
9.c3 Nc6 10.Nxg6 hxg6 11.Nf3 Qb6 12.a3 c4 13.Qc2 Be7 14.Be3 O-O 15.h4 Rfb8
16.g3 Qd8 17.Kg2 Nf8 18.Rh1 f6 19.h5 gxh5 20.Rxh5 Kf7 21.exf6 gxf6 22.Rh8 
Ke8 23.Nh4 Kd7 24.Ng6 Qb6 25.Nxe7 Nxe7 26.Rh6 Ng8 27.Rh5 Qc6 28.Re1 Re8 
29.Bf4 Ne7 30.Bg4 Neg6 31.Bc1 Re7 32.Rh6 f5 33.Bh5 Rg7 34.Qd2 Ne7 35.Rf6 
Ng8 36.Rf7+ Rxf7 37.Bxf7 Ne7 38.Qg5 Rd8 39.Qf6 a6 40.Bh6 Qd6 41.Bxf8 Rxf8 
42.Rxe6 1-0

[Event "44th Pan-American U20"]
[Site "Cochabamba BOL"]
[Date "2019.08.01"]
[Round "1.5"]
[White "Castellanos Villela, Alejandro"]
[Black "Donoso Diaz, Sebastian"]
[Result "1-0"]
[WhiteElo "1985"]
[BlackElo "2309"]
[EventDate "2019.08.01"]
[PlyCount "87"]

1.e4 c5 2.Nf3 e6 3.d4 cxd4 4.Nxd4 Nc6 5.Nc3 Qc7 6.Be2 a6 7.O-O Nf6 8.Be3 
Be7 9.f4 d6 10.Qe1 O-O 11.Qg3 Kh8 12.Rad1 Bd7 13.Bd3 Nb4 14.a3 Nxd3 15.
cxd3 b5 16.Qf3 Rab8 17.g4 b4 18.Nce2 bxa3 19.bxa3 Rb2 20.g5 Ng8 21.Ng3 f6 
22.Qh5 g6 23.Qh4 Qd8 24.Nf3 fxg5 25.Nxg5 Bxg5 26.Qxg5 Qxg5 27.fxg5 Rxf1+ 
28.Nxf1 Rb3 29.d4 Rxa3 30.Bf4 Ra5 31.h4 e5 32.dxe5 dxe5 33.Rxd7 exf4 34.
Nd2 Re5 35.Ra7 Re6 36.Kf2 Ne7 37.Kf3 Nc6 38.Ra8+ Kg7 39.Kxf4 Nb4 40.Nc4 
Re7 41.Ne5 Rc7 42.Ng4 Nd3+ 43.Ke3 Nc5 44.Nh6 1-0

[Event "44th Pan-American U20"]
[Site "Cochabamba BOL"]
[Date "2019.08.01"]
[Round "1.6"]
[White "Varacalli, Francisco"]
[Black "Huanca, Edson"]
[Result "1-0"]
[WhiteElo "2306"]
[BlackElo "1948"]
[EventDate "2019.08.01"]
[PlyCount "66"]

1.e4 c6 2.d4 d5 3.Nd2 dxe4 4.Nxe4 Nf6 5.Nxf6+ gxf6 6.Be2 Bf5 7.Bf3 Nd7 8.
Ne2 Nb6 9.b3 Qd7 10.Ng3 Bg6 11.O-O O-O-O 12.Bb2 Bh6 13.c4 Bf4 14.a4 a6 15.
Re1 Kb8 16.Ne4 h5 17.Qe2 Nc8 18.b4 Qc7 19.h3 Rdg8 20.Kh1 Bf5 21.b5 Rg7 22.
Nc5 axb5 23.axb5 Bg4 24.bxc6 Qxc6 25.Bxc6 Bxe2 26.Bxb7 Bxc4 27.Ra8+ Kc7 
28.Bxc8 Bd5 29.Rxe7+ Kb6 30.Na4+ Kb5 31.Nc3+ Kc4 32.Nxd5 Kxd5 33.Bb7+ Kd6 
1-0

[Event "44th Pan-American U20"]
[Site "Cochabamba BOL"]
[Date "2019.08.01"]
[Round "1.8"]
[White "Lu, Maximillian"]
[Black "Ccerhuayo Escobedo, Mels Leopold"]
[Result "1/2-1/2"]
[WhiteElo "2283"]
[BlackElo "1820"]
[EventDate "2019.08.01"]
[PlyCount "109"]

1.Nf3 Nf6 2.c4 e6 3.g3 d5 4.Bg2 Nc6 5.O-O Be7 6.d4 O-O 7.Ne5 dxc4 8.Nxc6 
bxc6 9.Nc3 Nd5 10.Qa4 Nb6 11.Qxc6 Rb8 12.Bf4 Bd6 13.Qf3 Bb7 14.Qg4 f5 15.
Qg5 Qxg5 16.Bxg5 Bxg2 17.Kxg2 Nd5 18.Rab1 Rb7 19.Rfc1 Rfb8 20.Nd1 Rb4 21.
Bd2 c3 22.Bxc3 Nxc3 23.Rxc3 Rxd4 24.Rc2 g5 25.Ne3 Kg7 26.Nc4 Rb7 27.Rbc1 
Kf6 28.b3 h6 29.Na5 Rb6 30.Nc6 Rd5 31.Nxa7 Ba3 32.e4 Ra5 33.Nc6 Raa6 34.
e5+ Kg7 35.Nb8 Rxb8 36.Rxc7+ Kg6 37.R1c2 Rb5 38.f4 Rd5 39.Kf3 Bb4 40.Rb7 
g4+ 41.Ke2 Rd4 42.Ke3 Re4+ 43.Kd3 Ra5 44.Rd7 Re1 45.Rd4 Rd1+ 46.Kc4 Rxd4+ 
47.Kxd4 Rd5+ 48.Ke3 Rc5 49.Re2 Kf7 50.Kd4 Ke7 51.a3 Bxa3 52.Ra2 Ra5 53.Kc4
Bb4 54.Re2 Ba3 55.b4 1/2-1/2

[Event "44th Pan-American U20"]
[Site "Cochabamba BOL"]
[Date "2019.08.01"]
[Round "1.9"]
[White "Santiago Vilca, Lito Gustavo"]
[Black "Munoz, Francisco Javier"]
[Result "0-1"]
[WhiteElo "1818"]
[BlackElo "2282"]
[EventDate "2019.08.01"]
[PlyCount "68"]

1.d4 d5 2.c4 e6 3.Nc3 Nf6 4.Bg5 Nbd7 5.Nf3 c6 6.e3 Qa5 7.cxd5 Nxd5 8.Qd2 
Bb4 9.Rc1 h6 10.Bh4 Nxc3 11.bxc3 Ba3 12.Rb1 b6 13.Bd3 Ba6 14.O-O O-O 15.e4
Rfe8 16.Rfe1 Bxd3 17.Qxd3 Bf8 18.e5 c5 19.d5 c4 20.Qxc4 Rac8 21.Qb5 Qxb5 
22.Rxb5 Rxc3 23.d6 Rec8 24.h3 Rc1 25.Rb1 Rxb1 26.Rxb1 f6 27.Bg3 Kf7 28.Rb4
Rc5 29.Ra4 a5 30.Rf4 g5 31.Rxf6+ Nxf6 32.exf6 Kxf6 33.d7 Be7 34.Bb8 Rd5 
0-1

[Event "44th Pan-American U20"]
[Site "Cochabamba BOL"]
[Date "2019.08.01"]
[Round "1.10"]
[White "Tello Chavez, Isaac Valent"]
[Black "Cari, Nicolas"]
[Result "1-0"]
[WhiteElo "2271"]
[BlackElo "1788"]
[EventDate "2019.08.01"]
[PlyCount "93"]

1.c4 Nf6 2.Nc3 c5 3.g3 g6 4.Bg2 Bg7 5.e3 O-O 6.Nge2 d6 7.O-O a6 8.b3 Nc6 
9.d4 cxd4 10.exd4 Rb8 11.h3 Bd7 12.Be3 e6 13.Rc1 d5 14.Bf4 Rc8 15.c5 Na7 
16.Qd3 Re8 17.g4 b5 18.a3 Bc6 19.b4 Nd7 20.Qd2 f6 21.Rce1 Kf7 22.Bd6 Bf8 
23.Bg3 f5 24.gxf5 gxf5 25.Nf4 Nf6 26.Nd3 Ne4 27.Ne5+ Kg8 28.Nxe4 dxe4 29.
Kh2 Rc7 30.Rg1 Rg7 31.Bf4 Qh4 32.f3 exf3 33.Bxf3 Bxf3 34.Nxf3 Qh5 35.Qe3 
Nc6 36.d5 Nd8 37.d6 Nc6 38.Ne5 Nxe5 39.Bxe5 Rg6 40.d7 Ra8 41.c6 Bh6 42.Qe2
Qh4 43.Rxg6+ hxg6 44.Bg3 Qd4 45.Qxe6+ Kh7 46.Qe7+ Kg8 47.c7 1-0

[Event "44th Pan-American U20"]
[Site "Cochabamba BOL"]
[Date "2019.08.01"]
[Round "1.11"]
[White "Ticona Rocabado, Licael Roderick"]
[Black "Huang, Andy"]
[Result "0-1"]
[WhiteElo "1693"]
[BlackElo "2263"]
[EventDate "2019.08.01"]
[PlyCount "172"]

1.d4 d5 2.Nf3 c6 3.e3 Bg4 4.h3 Bh5 5.Be2 e6 6.O-O Nf6 7.c4 Nbd7 8.Nc3 Bd6 
9.cxd5 exd5 10.Re1 O-O 11.Qc2 Re8 12.Nd2 Bg6 13.Bd3 Nf8 14.b3 Bxd3 15.Qxd3
Ng6 16.Bb2 Qe7 17.e4 dxe4 18.Ncxe4 Bb4 19.Bc3 Bxc3 20.Qxc3 Nd5 21.Qg3 Ngf4
22.Nc4 f5 23.Ned6 Ne2+ 24.Rxe2 Qxe2 25.Nxe8 Rxe8 26.Nd6 f4 27.Qg5 Re7 28.
Nf5 Rd7 29.Nh6+ Kf8 30.Ng4 Qe4 31.Ne5 Re7 32.Nf3 Qd3 33.Qg4 g6 34.h4 Kg7 
35.h5 Qf5 36.Qxf5 gxf5 37.Nh4 Kf6 38.Kf1 Kg5 39.Nf3+ Kxh5 40.Re1 Re4 41.
Rd1 Kg6 42.Ne5+ Kg7 43.Rd3 h6 44.a3 Kf6 45.Nd7+ Kg5 46.Ne5 h5 47.b4 Kf6 
48.Nd7+ Kf7 49.Ne5+ Ke6 50.Nf3 Kf6 51.Ne5 Ke6 52.Nf3 Kd6 53.Ne5 Kc7 54.Rd2
Nb6 55.Rd3 Nd5 56.Rd2 Nc3 57.Rd3 Nb5 58.Nf3 Kd6 59.a4 Nc7 60.Nd2 Re7 61.
Rf3 Ne6 62.g3 Kd5 63.gxf4 Nxd4 64.Rd3 b6 65.Rh3 Rh7 66.Re3 Nc2 67.Re5+ Kd4
68.Rxf5 Kd3 69.Nf3 Ke4 70.Nh4 Nxb4 71.f3+ Kd4 72.Re5 Nd5 73.Re4+ Kc3 74.f5
Rf7 75.Ke2 c5 76.Re5 Kd4 77.Re4+ Kc3 78.Re5 Kc4 79.Ng6 Nb4 80.Ne7 Kb3 81.
Nc8 c4 82.f6 c3 83.Re7 c2 84.Rxf7 c1=Q 85.Re7 Qc4+ 86.Kf2 Qxc8 0-1

[Event "44th Pan-American U20"]
[Site "Cochabamba BOL"]
[Date "2019.08.01"]
[Round "1.12"]
[White "Pinto, Daniel"]
[Black "Inaicheo Santana, Edward"]
[Result "1-0"]
[WhiteElo "2257"]
[BlackElo "1635"]
[EventDate "2019.08.01"]
[PlyCount "57"]

1.Nf3 Nf6 2.g3 d5 3.Bg2 Bf5 4.O-O e6 5.b3 Be7 6.Bb2 O-O 7.d3 Nbd7 8.Nh4 
Bg4 9.h3 Bh5 10.f4 c6 11.Nd2 Ne8 12.Nhf3 Nd6 13.e4 Bg6 14.Qe1 dxe4 15.dxe4
Re8 16.Kh2 a5 17.Rd1 a4 18.b4 a3 19.Ba1 Qc7 20.c4 c5 21.e5 Nf5 22.g4 Nh6 
23.b5 Bd3 24.Rg1 Nb6 25.Ng5 Nxc4 26.Nxc4 Bxc4 27.Qe4 Bxb5 28.Qxh7+ Kf8 29.
Qh8+ 1-0

[Event "44th Pan-American U20"]
[Site "Cochabamba BOL"]
[Date "2019.08.01"]
[Round "1.13"]
[White "Barja Viveros, Matias Ariel"]
[Black "Santiago Vilca, Christian Amilca"]
[Result "1-0"]
[WhiteElo "1544"]
[BlackElo "2256"]
[EventDate "2019.08.01"]
[PlyCount "91"]

1.e4 c5 2.Nc3 e6 3.Bc4 Nc6 4.f4 Nf6 5.e5 d5 6.exd6 Bxd6 7.d3 a6 8.a4 O-O 
9.Nge2 Re8 10.O-O Bf8 11.Ne4 Nd5 12.N2c3 Na5 13.Ba2 Nb4 14.Be3 Nxa2 15.
Rxa2 b6 16.Ra1 f5 17.Ng5 h6 18.Nf3 Nc6 19.Qd2 Bb7 20.Rad1 Qf6 21.Qf2 Rad8 
22.d4 cxd4 23.Nxd4 Na5 24.Nb3 Nc4 25.Bxb6 Rxd1 26.Nxd1 Nxb6 27.Qxb6 Re7 
28.Nc3 g5 29.Rd1 Rg7 30.Nc5 Bxc5+ 31.Qxc5 gxf4 32.Rd2 f3 33.g3 f4 34.Qd6 
Qf5 35.Qd8+ Kh7 36.Qd3 fxg3 37.Qxf5+ exf5 38.hxg3 f4 39.g4 h5 40.g5 Kg6 
41.Nd5 Kxg5 42.Kf2 Kg4 43.Rd1 Bxd5 44.Rg1+ Kh3 45.Rxg7 h4 46.b4 1-0

[Event "44th Pan-American U20"]
[Site "Cochabamba BOL"]
[Date "2019.08.01"]
[Round "1.14"]
[White "Bolanos, Fernando"]
[Black "Araujo, Amilcar"]
[Result "1-0"]
[WhiteElo "2247"]
[BlackElo "1530"]
[EventDate "2019.08.01"]
[PlyCount "81"]

1.e4 e6 2.d4 d5 3.e5 c5 4.c3 Nc6 5.Nf3 cxd4 6.cxd4 Bb4+ 7.Nc3 h6 8.Bd3 
Nge7 9.a3 Bxc3+ 10.bxc3 Bd7 11.Bf4 Rc8 12.O-O Na5 13.Rc1 b5 14.Nd2 a6 15.
Qg4 g6 16.Qh3 Nf5 17.g4 Qh4 18.Qxh4 Nxh4 19.Bg3 g5 20.Bxh4 gxh4 21.Kg2 Ke7
22.Kh3 Rcg8 23.Kxh4 Nc4 24.Nxc4 dxc4 25.Be4 f5 26.exf6+ Kxf6 27.f4 Ke7 28.
Rce1 Kd6 29.f5 exf5 30.Bxf5 Rg5 31.Bxd7 Kxd7 32.Rf7+ Kc6 33.Rf6+ Kd5 34.
Rf5+ Rxf5 35.gxf5 Rg8 36.Re5+ Kd6 37.Kh5 Rg2 38.h4 Rg3 39.f6 Rxc3 40.Rf5 
Ke6 41.f7 1-0

[Event "44th Pan-American U20"]
[Site "Cochabamba BOL"]
[Date "2019.08.01"]
[Round "1.15"]
[White "Bracamonte, Humberto"]
[Black "Johnson, Joshua"]
[Result "0-1"]
[WhiteElo "1516"]
[BlackElo "2241"]
[EventDate "2019.08.01"]
[PlyCount "58"]

1.e4 e5 2.Nf3 Nc6 3.Bb5 g6 4.O-O Bg7 5.c3 a6 6.Ba4 Nge7 7.d4 exd4 8.cxd4 
d6 9.d5 b5 10.dxc6 bxa4 11.Qxa4 O-O 12.e5 dxe5 13.Be3 Qd6 14.Rc1 Re8 15.
Nbd2 Bf5 16.Nb3 Bd3 17.Na5 e4 18.Nd4 Nd5 19.Nb7 Qf6 20.Rc5 Nxe3 21.fxe3 
Bh6 22.Re1 Bxe3+ 23.Kh1 Bxd4 24.Rcc1 Bf2 25.Red1 Re5 26.Qb4 Rh5 27.h3 
Rxh3+ 28.gxh3 Qf3+ 29.Kh2 Qg3+ 0-1

[Event "44th Pan-American U20"]
[Site "Cochabamba BOL"]
[Date "2019.08.01"]
[Round "1.16"]
[White "Delgado Romero, Marco"]
[Black "Tapia Espada, Antonio Enrique"]
[Result "1-0"]
[WhiteElo "2236"]
[BlackElo "1506"]
[EventDate "2019.08.01"]
[PlyCount "68"]

1.d4 Nf6 2.c4 e6 3.Nf3 b6 4.g3 Bb7 5.Bg2 c5 6.d5 exd5 7.Nh4 g6 8.Nc3 Bg7 
9.Bf4 O-O 10.O-O Nc6 11.cxd5 Nd4 12.e3 Ba6 13.exd4 Bxf1 14.Qxf1 cxd4 15.
Nb5 Ne8 16.Nf3 Rc8 17.Nxa7 Rc5 18.b4 Rxd5 19.Qc4 Rf5 20.Nxd4 Rxf4 21.gxf4 
Nd6 22.Qd5 Qf6 23.Rd1 Qxf4 24.Ne2 Qxb4 25.Qxd6 Qa4 26.Qxd7 Qxa2 27.Ng3 Bf6
28.Ne4 Bh4 29.Nc6 Qc2 30.Bf3 Qa2 31.Qg4 f5 32.Qxh4 fxe4 33.Rd7 Qb1+ 34.Bd1
h5 1-0

[Event "44th Pan-American U20"]
[Site "Cochabamba BOL"]
[Date "2019.08.01"]
[Round "1.17"]
[White "Teran Medina, Marcelo"]
[Black "Aguilar, Luis Miguel"]
[Result "0-1"]
[WhiteElo "1506"]
[BlackElo "2204"]
[EventDate "2019.08.01"]
[PlyCount "76"]

1.e4 d6 2.Nc3 Nf6 3.Bc4 e5 4.f4 Nbd7 5.Nf3 Be7 6.O-O O-O 7.Kh1 c6 8.Bb3 
Qc7 9.f5 Nc5 10.Qe1 a5 11.a3 Nxb3 12.cxb3 Qb6 13.d3 Qxb3 14.Qh4 Re8 15.g4 
Nxe4 16.Bg5 Nxg5 17.Nxg5 Bxg5 18.Qxg5 f6 19.Qh4 h6 20.Ne4 Qd5 21.Qh5 Rf8 
22.Rf3 Bd7 23.g5 fxg5 24.f6 Qf7 25.Qxf7+ Rxf7 26.Nxd6 Rxf6 27.Rxf6 gxf6 
28.Ne4 Kg7 29.Nc5 Bf5 30.h4 b6 31.Ne4 Rd8 32.Rf1 Bxe4+ 33.dxe4 Rd2 34.hxg5
hxg5 35.Rc1 c5 36.b4 axb4 37.axb4 cxb4 38.Rc4 Rd4 0-1

[Event "44th Pan-American U20"]
[Site "Cochabamba BOL"]
[Date "2019.08.01"]
[Round "1.18"]
[White "Rengifo Blancas, Renzo Jhonathan"]
[Black "Moreno, Alejandro"]
[Result "1/2-1/2"]
[WhiteElo "2194"]
[BlackElo "1477"]
[EventDate "2019.08.01"]
[PlyCount "62"]

1.e4 e5 2.Nf3 Nc6 3.d4 exd4 4.Nxd4 Ne5 5.Nc3 Bb4 6.f4 Ng6 7.Nf3 d6 8.Qd4 
Bxc3+ 9.bxc3 Nf6 10.f5 c5 11.Bb5+ Bd7 12.Qa4 Ne5 13.Nxe5 dxe5 14.Be3 a6 
15.Bxd7+ Qxd7 16.Qxd7+ Kxd7 17.Ke2 Nxe4 18.Kd3 Nd6 19.Bxc5 Nxf5 20.Rhf1 
Ke6 21.Rab1 Rac8 22.Rb6+ Rc6 23.Rxc6+ bxc6 24.Ke4 Nh6 25.Rb1 f5+ 26.Kf3 
Kd5 27.Be7 Re8 28.Rb7 f4 29.Ba3 Nf5 30.Rd7+ Ke6 31.Rc7 Kd5 1/2-1/2

[Event "44th Pan-American U20"]
[Site "Cochabamba BOL"]
[Date "2019.08.01"]
[Round "1.20"]
[White "Flores Quillas, Diego Saul Rodri"]
[Black "Villazon Zeballos, Manuel"]
[Result "1-0"]
[WhiteElo "2163"]
[BlackElo "1378"]
[EventDate "2019.08.01"]
[PlyCount "57"]

1.e4 c5 2.Nf3 Nc6 3.d4 cxd4 4.Nxd4 g6 5.c4 Bg7 6.Be3 d6 7.Nc3 Nf6 8.Be2 
O-O 9.O-O Bd7 10.Qd2 Nxd4 11.Bxd4 Bc6 12.f3 Nd7 13.Be3 Qa5 14.Rfc1 Rfe8 
15.a3 Qc7 16.b4 b6 17.Nd5 Qb7 18.Rab1 Bxd5 19.cxd5 Rac8 20.Bb5 Rxc1+ 21.
Rxc1 Rd8 22.Qc2 Ne5 23.Qc7 Rb8 24.Qxb7 Rxb7 25.Rc8+ Bf8 26.Bh6 Rb8 27.Rxb8
Nxf3+ 28.gxf3 f5 29.Rxf8# 1-0

[Event "44th Pan-American U20"]
[Site "Cochabamba BOL"]
[Date "2019.08.01"]
[Round "1.21"]
[White "Araujo Miranda, Styven Sandro"]
[Black "Zhang, Derek"]
[Result "0-1"]
[WhiteElo "1347"]
[BlackElo "2147"]
[EventDate "2019.08.01"]
[PlyCount "56"]

1.d4 e6 2.Nf3 f5 3.c4 Nf6 4.a3 b6 5.g3 d5 6.Qc2 Bd6 7.c5 bxc5 8.dxc5 Be7 
9.b4 O-O 10.Bg2 Ne4 11.Nfd2 Nc6 12.Bb2 Bf6 13.O-O Ba6 14.Nxe4 fxe4 15.Bh3 
Nd4 16.Bxd4 Bxd4 17.Bxe6+ Kh8 18.Nc3 Bxc3 19.Qxc3 Bxe2 20.Rfe1 d4 21.Qd2 
d3 22.Rxe2 dxe2 23.Qxe2 Qf6 24.Qa2 Rae8 25.Bd7 Re7 26.c6 e3 27.f3 e2 28.
Re1 Qxf3 0-1

[Event "44th Pan-American U20"]
[Site "Cochabamba BOL"]
[Date "2019.08.01"]
[Round "1.22"]
[White "Titichoca Daza, Daniel"]
[Black "Zubieta Echalar, Eduardo"]
[Result "1-0"]
[WhiteElo "2143"]
[BlackElo "1329"]
[EventDate "2019.08.01"]
[PlyCount "23"]

1.e4 d5 2.exd5 Nf6 3.d4 Nxd5 4.Nf3 Bf5 5.a3 e6 6.c4 Nf6 7.Nc3 Bd6 8.Be2 
O-O 9.Nh4 Re8 10.Nxf5 exf5 11.O-O h6 12.h3 1-0

[Event "44th Pan-American U20"]
[Site "Cochabamba BOL"]
[Date "2019.08.01"]
[Round "1.23"]
[White "Montevilla C., Elias Alejandro"]
[Black "Benitez Galeano, Alejandro"]
[Result "0-1"]
[WhiteElo "1326"]
[BlackElo "2111"]
[EventDate "2019.08.01"]
[PlyCount "61"]

1.e4 c5 2.Nc3 g6 3.d3 Nc6 4.g3 Rb8 5.Bg2 Bg7 6.Be3 Nd4 7.Qd2 b5 8.f4 e6 9.
Nf3 Ne7 10.O-O d6 11.Rae1 O-O 12.Nd1 b4 13.c3 Nxf3+ 14.Bxf3 Qa5 15.d4 bxc3
16.bxc3 cxd4 17.Bxd4 e5 18.Be3 Rd8 19.g4 d5 20.Qf2 d4 21.cxd4 exf4 22.Bxf4
Bxd4 23.Be3 Nc6 24.e5 Bxe3 25.Rxe3 Rd7 26.Qg3 Rb4 27.Nf2 Qc5 28.Bg2 Nd4 
29.Rfe1 Rbb7 30.Rc3 Qf8 31.Qh4 0-1

[Event "44th Pan-American U20"]
[Site "Cochabamba BOL"]
[Date "2019.08.01"]
[Round "1.24"]
[White "Mendoza Criollo, Carlos David"]
[Black "Montevilla Cahuasa, Jonathan I"]
[Result "1-0"]
[WhiteElo "2103"]
[BlackElo "1231"]
[EventDate "2019.08.01"]
[PlyCount "57"]

1.Nf3 d5 2.g3 Nf6 3.Bg2 e6 4.O-O Bd6 5.d3 O-O 6.Nbd2 Nbd7 7.Re1 e5 8.e4 d4
9.Nc4 Qe7 10.Nh4 Nb6 11.Nxd6 Qxd6 12.f4 Bg4 13.Bf3 Bxf3 14.Qxf3 Nbd7 15.
Nf5 Qe6 16.Rf1 c5 17.Bd2 b5 18.Rae1 Qxa2 19.Nxg7 Kxg7 20.fxe5 Qe6 21.exf6+
Nxf6 22.Bg5 Nd7 23.e5 a5 24.Bf6+ Kg8 25.Qf4 Nxf6 26.exf6 Qd5 27.Qg4+ Qg5 
28.Qxg5+ Kh8 29.Qg7# 1-0

[Event "44th Pan-American U20"]
[Site "Cochabamba BOL"]
[Date "2019.08.01"]
[Round "1.25"]
[White "Janco Fernandez, Marcelo Ruben"]
[Black "Medrano, Sebastian"]
[Result "0-1"]
[WhiteElo "1095"]
[BlackElo "2086"]
[EventDate "2019.08.01"]
[PlyCount "72"]

1.e4 c6 2.Nf3 d5 3.exd5 cxd5 4.d4 Nc6 5.Bb5 Bg4 6.Nc3 e6 7.O-O Bd6 8.Re1 
Ne7 9.h3 Bxf3 10.Qxf3 O-O 11.Bf4 Nxd4 12.Qd3 Nxb5 13.Nxb5 Bxf4 14.Rad1 a6 
15.Nd4 Nc6 16.Qb3 Nxd4 17.Rxd4 Qc7 18.g3 Bd6 19.Qd3 Rac8 20.Re2 b5 21.Rh4 
g6 22.Qe3 Rfe8 23.Qh6 f5 24.Qg5 Be7 25.Qh6 Bxh4 26.Qxh4 Qc4 27.Qxc4 Rxc4 
28.Kg2 Kf7 29.Kf3 e5 30.b3 Rc3+ 31.Kg2 Ke6 32.f4 e4 33.Kf2 Rec8 34.g4 Rxc2
35.gxf5+ Kxf5 36.Rxc2 Rxc2+ 0-1

[Event "44th Pan-American U20"]
[Site "Cochabamba BOL"]
[Date "2019.08.02"]
[Round "2.1"]
[White "Cardoso Cardoso, Jose Gabriel"]
[Black "Delgado Romero, Marco"]
[Result "1/2-1/2"]
[WhiteElo "2373"]
[BlackElo "2236"]
[EventDate "2019.08.01"]
[PlyCount "106"]

1.d4 Nf6 2.c4 c5 3.d5 b5 4.cxb5 a6 5.e3 g6 6.Nc3 d6 7.a4 Bg7 8.Qb3 Nfd7 9.
Nh3 O-O 10.Nf4 axb5 11.Bxb5 Ba6 12.O-O Ne5 13.Bd2 Nbd7 14.Bxa6 Rxa6 15.Nb5
c4 16.Qc2 Nc5 17.Ne2 Qd7 18.Ned4 Rfa8 19.a5 Rb8 20.Na3 Nb3 21.Nxb3 cxb3 
22.Qd1 Nd3 23.Bc3 Nc5 24.Bxg7 Kxg7 25.Qd4+ f6 26.Nc4 Rb4 27.Rfc1 Qb5 28.h4
h5 29.g3 Ra7 30.Qc3 Ne4 31.Qd3 Nc5 32.Qc3 Ne4 33.Qd4 Nc5 34.Rc3 Rc7 35.a6 
Ra7 36.Ra5 Qb8 37.Qd1 Qd8 38.Qa1 Qd7 39.Qa3 Rb5 40.Rxb5 Qxb5 41.Qa5 Qxa6 
42.Qxa6 Rxa6 43.Nd2 Rb6 44.Kf1 Na4 45.Rxb3 Rxb3 46.Nxb3 Nxb2 47.Ke2 f5 48.
Nd4 Nc4 49.Ne6+ Kf6 50.Nf4 Ne5 51.Ne6 Nd7 52.Kd3 Ne5+ 53.Ke2 Nd7 1/2-1/2

[Event "44th Pan-American U20"]
[Site "Cochabamba BOL"]
[Date "2019.08.02"]
[Round "2.2"]
[White "Wang, Annie"]
[Black "Flores Quillas, Diego Saul Rodri"]
[Result "1-0"]
[WhiteElo "2321"]
[BlackElo "2163"]
[EventDate "2019.08.01"]
[PlyCount "24"]

1.d4 d5 2.c4 c6 3.Nc3 Nf6 4.Nf3 e6 5.e3 Nbd7 6.Qc2 Bd6 7.Bd3 O-O 8.O-O 
dxc4 9.Bxc4 b5 10.Be2 Bb7 11.Rd1 Qc7 12.Qd2 a6 1-0

[Event "44th Pan-American U20"]
[Site "Cochabamba BOL"]
[Date "2019.08.02"]
[Round "2.3"]
[White "Aguilar, Luis Miguel"]
[Black "Coro, Lucas"]
[Result "1/2-1/2"]
[WhiteElo "2204"]
[BlackElo "2320"]
[EventDate "2019.08.01"]
[PlyCount "46"]

1.g3 c5 2.Bg2 g6 3.c4 Bg7 4.Nc3 Nc6 5.Nf3 e5 6.a3 a5 7.O-O Nge7 8.d3 O-O 
9.Rb1 d6 10.Nd2 f5 11.Nd5 Be6 12.b3 Rb8 13.Bb2 g5 14.Bc3 f4 15.b4 axb4 16.
axb4 cxb4 17.Nxb4 g4 18.Qa4 Bd7 19.Nxc6 Nxc6 20.Bd5+ Kh8 21.Qa3 Bf5 22.Ne4
f3 23.exf3 gxf3 1/2-1/2

[Event "44th Pan-American U20"]
[Site "Cochabamba BOL"]
[Date "2019.08.02"]
[Round "2.4"]
[White "Vera, Pavel"]
[Black "Varacalli, Francisco"]
[Result "0-1"]
[WhiteElo "2173"]
[BlackElo "2306"]
[EventDate "2019.08.01"]
[PlyCount "56"]

1.d4 Nf6 2.c4 g6 3.Nc3 Bg7 4.e4 d6 5.h3 c6 6.Be3 a6 7.a4 a5 8.Bd3 Na6 9.
Nge2 e5 10.d5 Nd7 11.O-O O-O 12.Bc2 Nb4 13.Bb3 Nc5 14.Bxc5 dxc5 15.Na2 Na6
16.Nec3 f5 17.Bc2 f4 18.dxc6 bxc6 19.Qxd8 Rxd8 20.Rfd1 Be6 21.b3 Kf7 22.
Rxd8 Rxd8 23.Rd1 Rc8 24.Rd3 Ke7 25.Nd1 Bf7 26.Ndc3 Nc7 27.Bd1 h5 28.Nc1 
Bf6 0-1

[Event "44th Pan-American U20"]
[Site "Cochabamba BOL"]
[Date "2019.08.02"]
[Round "2.5"]
[White "Asaria, Danial"]
[Black "Titichoca Daza, Daniel"]
[Result "1-0"]
[WhiteElo "2305"]
[BlackElo "2143"]
[EventDate "2019.08.01"]
[PlyCount "61"]

1.d4 Nf6 2.c4 e6 3.Nf3 Bb4+ 4.Nbd2 b6 5.e3 Bb7 6.Bd3 O-O 7.O-O d5 8.a3 Be7
9.b4 dxc4 10.Nxc4 Nbd7 11.Rb1 Rb8 12.Re1 c5 13.e4 cxd4 14.Nxd4 Rc8 15.Bb2 
a6 16.e5 Nd5 17.Qh5 g6 18.Qg4 h5 19.Qd1 Nf4 20.g3 Nxd3 21.Qxd3 Bd5 22.Nd2 
b5 23.Qe3 Nb6 24.Rbd1 Kh7 25.Bc1 Kg7 26.Ne4 Rh8 27.Qf4 Nc4 28.h4 Kg8 29.
Kh2 Rc7 30.Nf3 Rd7 31.Nfg5 1-0

[Event "44th Pan-American U20"]
[Site "Cochabamba BOL"]
[Date "2019.08.02"]
[Round "2.6"]
[White "Munoz, Francisco Javier"]
[Black "Mendoza Criollo, Carlos David"]
[Result "1/2-1/2"]
[WhiteElo "2282"]
[BlackElo "2103"]
[EventDate "2019.08.01"]
[PlyCount "69"]

1.e4 c5 2.c3 d5 3.exd5 Qxd5 4.d4 Nf6 5.Nf3 g6 6.Na3 Bg7 7.Bc4 Qe4+ 8.Be3 
O-O 9.O-O cxd4 10.Bxd4 Nc6 11.Re1 Qf4 12.Be5 Nxe5 13.Rxe5 Ng4 14.Rxe7 Ne5 
15.Bd5 Bg4 16.Qc1 Nxf3+ 17.Bxf3 Qd6 18.Re3 Be6 19.Re1 Qb6 20.Nc2 Rac8 21.
Ne3 Rfd8 22.Bg4 f5 23.Bf3 Rc7 24.Rd1 Rcd7 25.Qc2 a5 26.h3 Qb5 27.Be2 Qc5 
28.a4 Bh6 29.Bb5 Rxd1+ 30.Rxd1 Rxd1+ 31.Nxd1 Qe5 32.Qd3 Bd5 33.Ne3 Bxe3 
34.Qxe3 Qxe3 35.fxe3 1/2-1/2